000 01686nam a2200469 c 4500
001 24392
003 ES-MaCES
005 20141221122915.0
008 120413s2012 sp l 000 | spa d
017 _aNA 398-2012
_bDL
020 _a9788447038459
035 _aCES20120002675m
040 _aES-MaCES
_bspa
_cES-MaCES
245 0 3 _aLa termita Bolkestein
_b: mercado único vs. derechos ciudadanos
_cAlba Nogueira López, dir. ; coords., Mª Antonia Arias Martínez, Marcos Almeida Cerreda
250 _a1ª ed
260 _aCizur Menor (Navarra)
_bCivitas-Thomson Reuters
_c2012
300 _a463 p.
_c24 cm
541 _cCompra
610 1 4 _aUnión Europea
_tDirectiva relativa a los servicios en el mercado interior
_d2006
_95116
650 4 _aMercado Unico Europeo
_930652
650 4 _aservicios públicos
_927230
650 4 _aderechos económicos y sociales
_929875
650 4 _aderechos de los trabajadores
_929924
650 4 _aprotección del consumidor
_929407
650 4 _aprocedimiento administrativo
_930919
650 4 _aderecho administrativo
_927155
650 4 _aderecho comunitario
_929866
650 4 _aDirectiva de la CE
_929873
650 4 _aarmonización
_929884
650 4 _acampo de aplicación
_930263
650 4 _aEspaña
_926964
650 4 _aItalia
_926952
650 4 _aAustria
_926933
650 4 _aestudio de casos
_928846
653 1 0 _aDerecho comunitario
700 1 _aNogueira López, Alba
_edir.
_919693
700 1 _aArias Martínez, María Antonia
_ecol.
_96533
700 1 _aAlmeida Cerreda, Marcos
_ecol.
_95973
902 _aLIB Libro
942 _2CES
_cBK
_h6.0.5.
999 _c24392
_d24392